LEADER 01662nam a2200373 u 4500 001 000000027517 003 CaOOAMICUS 005 20070226111710.0 008 960117s1937 fr u000 u fre u 035 $a10714486 040 $aPUL$bita$dPUL(R) 041 0 $afre$alat 100 1 $aOckham, William,$cO.F.M.,$dc. 1285-c. 1349.$0(OLS)http://pul/name/2716 245 10$aBreviloquium de potestate papae /$cedition critique par L. Baudry. 260 $aParis :$bLibr. Philosophique J. Vrin,$c1937. 300 $axx, 173 p. ;$c26 cm 490 1 $aEtudes de philosophie médiévale ;$v24 500 $aComprende indici. 504 $aBibliographie p. 167. 600 14$aOckham, William,$dc. 1285-c. 1349.$0(OLS)http://pul/subject/2266 650 4$aPapi$xPotestà.$0(OLS)http://pul/subject/5535 650 4$aFilosofia medievale.$0(OLS)http://pul/subject/139 700 1 $aBaudry, L.$0(OLS)http://pul/name/7997 830 0$aEtudes de philosophie médiévale ;$v24.$0(OLS)http://pul/title/1367 850 $aPUL 852 $aPUL$W1$xDP1 Fondo Maccarrone$y58$m1503 C 26$j38294$nBK-PRI$b $qFondi$B38297$CPULBib$Z2$F38297 $H $81 852 $aPUL$W1$xSL Filosofia 2$y80$mPhil A4 24$j38298$nBK-PRI$b $qStampati altre collocazioni$B38298$CPULBib$Z2$F38298 $H $81 941 1 $a10 941 1 $a1 960 $aFilosofia medioevale$9139 961 $aINV: 00926 -- Fondo Mons. M. Maccarrone 961 $aINV: 11205 996 $6245$aBreviloquium de potestate papae$9(OLS)http://pul/title/37643 996 $6260$aParis :$bLibr. Philosophique J. Vrin$9(OLS)http://pul/publisher/59773 LEADER 01457nam a2200325 a 4500 001 000000122657 003 CaOOAMICUS 005 20100820123424.0 008 100820t2010 it 000 u ita r 020 $a978-88-311-3327-2 040 $aPUL$bita$dReb 082 04$a231 100 1 $aFerri, Riccardo.$0(OLS)http://pul/name/66299 245 13$aIl Dio unitrino nel pensiero di Tommaso d'Aquino :$bdal Commento alle Sentenze al Compendio di teologia /$cRiccardo Ferri . 260 $aRoma :$bCittà Nuova,$c©2010. 300 $a203 p; c20cm. 490 1 $aContributi di teologia ;$v60 504 $aBibliografia p. [191]-199. 600 04$aThomas Aquinas,$cs.,$dc. 1225-1274$xTeologia.$0(OLS)http://pul/subject/9426 650 4$aTrinità.$0(OLS)http://pul/subject/2463 830 0$aContributi di teologia ;$v60.$0(OLS)http://pul/title/23834 850 $aPUL 852 $aPUL$W1$xSL Religione 3$y85$m231 FERRI 1$j140888$qDDC 21$q $B139968$CPULBib$Z2$F139968 $H114139 $81 941 1 $a9 960 $aTeologia trinitaria$92463 960 $aTeologia trinitaria$92463 996 $6020$a978-88-311-3327-2$9(OLS)http://pul/number/145088 996 $6082$a231$9(OLS)http://pul/classification/408 996 $6245$aIl Dio unitrino nel pensiero di Tommaso d'Aquino :$bdal Commento alle Sentenze al Compendio di teologia$9(OLS)http://pul/title/154596 996 $6260$aRoma :$bCittà Nuova$9(OLS)http://pul/publisher/47927 LEADER 01127nam a2200277 a 4500 001 000000122694 003 CaOOAMICUS 005 20100823152118.0 008 100823t2008 it u000 u ita r 020 $a978-88-13-28238-7 040 $aPUL$bita$dReb 082 04$a348.45 100 1 $aCulot, Dario.$0(OLS)http://pul/name/77073 245 10$aDiritto processuale della famiglia /$cDario Culot. 260 $aPadova :$bCEDAM,$c2008. 300 $axxxiv, 856 p. ;$c25 cm +$eCD-Rom 490 1 $aSapere diritto ;$v04 650 4$aFamiglia (diritto)$zItalia.$0(OLS)http://pul/subject/7144 830 0$aSapere diritto ;$v04.$0(OLS)http://pul/title/137468 850 $aPUL 852 $aPUL$W1$xSL Diritto e Scienze Sociali 3$y79$m348. 45 COLL 3.4$j140925$qDDC 21$B140005$CPULBib$Z2$F140005 $H114512 $82 941 1 $a9 996 $6020$a978-88-13-28238-7$9(OLS)http://pul/number/145124 996 $6082$a348.45$9(OLS)http://pul/classification/373 996 $6245$aDiritto processuale della famiglia$9(OLS)http://pul/title/154651 996 $6260$aPadova :$bCEDAM$9(OLS)http://pul/publisher/48126